000 00208 a2200097 4500
001 10514
100 _aAkhtar, S.M.
245 _aPakistan A developing economy
260 _a
_bUnited
_c
090 _c8129
_d8129
942 _aNUST-CAE
_cM
_c34855
999 _c245587
_d245587